[Event "FIDE Candidates Tournament - London 201"]
[Site "London ENG"]
[Date "2013.03.17"]
[Round "3.2"]
[White "Ivanchuk, Vassily"]
[Black "Aronian, Levon"]
[Result "0-1"]
[WhiteElo "2757"]
[BlackElo "2809"]
[PlyCount "66"]
[EventDate "2013.03.15"]
[EventRounds "14"]
[EventCountry "ENG"]
[Source "lmi"]
[SourceDate "2013.03.15"]

1. d4 Nf6 2. Bg5 e6 3. Nd2 c5 4. e3 b6 5. Ngf3 Bb7 6. c3 Be7 7. Bd3 O-O 8. Bxf6
Bxf6 9. h4 Nc6 10. Ng5 g6 11. f4 Ne7 12. Qg4 h5 13. Qh3 cxd4 14. exd4 b5 15. a3
Qb6 16. Rg1 Nd5 17. Nge4 Bg7 18. Qf3 b4 19. axb4 Nxb4 20. Nc4 Qb5 21. Ne5 Nxd3+
22. Nxd3 Qf5 23. Ndc5 Bc6 24. b4 Rfb8 25. Ra5 a6 26. Qe3 Qg4 27. g3 Rb5 28.
Rxa6 Rxa6 29. Nxa6 e5 30. dxe5 Bxe4 31. c4 Rb6 32. Qxb6 Qf3 33. Qf2 Qa3 0-1